Napriek totalite. Neoficiálna slovenská výtvarná scéna : sedemdesiatych a osemdesiatych rokov 20. storočia

Gespeichert in:
Bibliographische Detailangaben
1. Verfasser: Bartošová, Zuzana (Verfasst von)
Format: Buch
Sprache:Slowakisch
Veröffentlicht: Bratislava : Kalligram, 2011
Schlagworte:
Tags: Tag hinzufügen
Keine Tags, Fügen Sie das erste Tag hinzu!

MARC

LEADER 00000nam a22000003a 4500
001 stu245518
005 20150617230132.7
008 120412s2011------------------------slo-d
020 |a 978-80-8101-570-0 
040 |a STU  |b slo 
041 0 |a slo 
100 1 |a Bartošová, Zuzana  |4 aut 
245 1 |a Napriek totalite. Neoficiálna slovenská výtvarná scéna :  |b sedemdesiatych a osemdesiatych rokov 20. storočia 
260 |a Bratislava :  |b Kalligram,  |c 2011 
300 |a 359 s. 
650 7 |a výtvarníci slovenskí  |2 stusub 
650 7 |a umenie výtvarné  |2 stusub 
650 4 |a totalita 
996 |b 284AU05190  |c A*7922 U  |l AAKNAR  |s A  |a 24  |w stu245518_0001 
996 |b 284AU06331  |c A*9229 U  |l AAKNAR  |s A  |a 24  |w stu245518_0002